Music Quiz

Random Music or Song Quiz

Father and Son Musicians Quiz Stats

Quiz Updated Dec 6, 2017

Challenge
Share
Tweet
Embed
Score 0/23 Timer 05:00
2 Plays Today
Father Song Last Name % Correct
Yellow SubmarineRingo Starr and Zak Starkey
72%
Jealous GuyJohn and Julian Lennon
71.2%
No Woman, No CryBob and Ziggy Marley
70.6%
HurricaneBob and Jakob Dylan
60.8%
Black Magic WomanCarlos and Salvador Santana
57.6%
Fly Me To The MoonFrank and Frank, Jr. Sinatra
56%
All Things Must PassGeorge and Dhani Harrison
46%
I'm So Lonesome I Could CryHank and Hank, Jr. Williams
45%
GracelandPaul and Harper Simon
43.1%
This Land is Your LandWoody and Arlo Guthrie
42.7%
To All The Girls I Loved BeforeJulio and Enrique Iglesias
36.7%
You Ain't Seen Nothing YetRandy & Tal Bachman
28.6%
Father Song Last Name % Correct
Travellin' ManRicky, Matthew and Gunnar Nelson
23.3%
Desert RoseSting and Joe Sumner
20.5%
Everybody Loves SomebodyDean and Dean Paul 'Dino' Martin
19.4%
Joe's GarageFrank and Dweezil Zappa
14.4%
Your Smiling FaceJames and Ben Taylor
13.9%
Are You Sure Hank Done It This WayWaylon and Shooter Jennings
9.9%
Dead Skunk In The Middle Of The RoadLoudon and Rufus Wainwright
9.7%
Bad CompanyPaul and Stephen Rodgers
9.6%
Song To The SirenTim and Jeff Buckley
8.8%
It Never Rains In Southern CaliforniaAlbert and Albert, Jr. Hammond
7.6%
Patsy GirlRoss MacManus and Elvis Costello
5.5%

You're not logged in!

Compare scores with friends on all Sporcle quizzes.
Sign Up with Email
OR
Log In

You Might Also Like...

Show Comments

Extras

Top Quizzes Today


Score Distribution

Your Account Isn't Verified!

In order to create a playlist on Sporcle, you need to verify the email address you used during registration. Go to your Sporcle Settings to finish the process.

Report this User

Report this user for behavior that violates our Community Guidelines.

Details: